Winners and losers of the State Electricity Board reforms: an organisational analysis (Record no. 490996)

000 -LEADER
fixed length control field 00491cam a22001457a 4500
008 - FIXED-LENGTH DATA ELEMENTS--GENERAL INFORMATION
fixed length control field 180718b2001 xxu||||| |||| 00| 0 eng d
082 ## - DEWEY DECIMAL CLASSIFICATION NUMBER
Classification number V51x54 R837
100 ## - MAIN ENTRY--PERSONAL NAME
Personal name Ruet, Joel
245 ## - TITLE STATEMENT
Title Winners and losers of the State Electricity Board reforms: an organisational analysis
Statement of responsibility, etc. by Joel Ruet
260 ## - PUBLICATION, DISTRIBUTION, ETC.
Place of publication, distribution, etc. New Delhi
Name of publisher, distributor, etc. French Research Institutes in India
Date of publication, distribution, etc. 2001
300 ## - PHYSICAL DESCRIPTION
Extent 85p.
440 ## - SERIES STATEMENT/ADDED ENTRY--TITLE
Title CSH occasional paper no. 1
650 ## - SUBJECT ADDED ENTRY--TOPICAL TERM
Topical term or geographic name entry element Organizational change
650 ## - SUBJECT ADDED ENTRY--TOPICAL TERM
Topical term or geographic name entry element State Electricity Board
Holdings
Withdrawn status Lost status Damaged status Not for loan Permanent Location Current Location Date acquired Full call number Barcode Date last seen Price effective from Koha item type
        Indian Institute of Public Administration Indian Institute of Public Administration 2018-08-04 V51x54 R837 GR15515 2018-08-04 2018-08-04 GR

Powered by Koha